000 00343 a2200157 4500
001 49906
020 _a8570561830
040 _cAnchieta - Bela Vista
100 _aLadeira, Julieta de Godoy
240 1 0 _aAté mais verde
_lpor
245 1 0 _aAté mais verde
300 _a56
362 0 _a1989
650 4 _aLiteratura juvenil
942 _cBK
999 _c49906
_d49906